000 00487cam a22001577a 4500
008 180718b xxu||||| |||| 00| 0 eng d
082 _aA6x51 G824
100 _aGreen, O. M.
245 _aChina's Struggle with the dictators
_cby O. M. Green
260 _aLondon
_bHutchinson
_c
300 _a283p.
650 _aChina --History --1937-1945.
650 _aChina --History --Republic, 1912-1949
650 _aJapan --Foreign relations --China
650 _aChina --Foreign relations --Japan
999 _c411447
_d411447